Proceedings of the Association of Official Seed Analysts of North America

Podrobná bibliografie
Médium: Elektronický zdroj Časopis
Jazyk:English
Vydáno: Association of Official Seed Analysts
Témata:
On-line přístup:Full text available on JSTOR[1919-01-01 - 1940-01-01]
Off-campus access
LEADER 01048cas a2200205 a 4500
001 AALejournalJSTOR002257
008 230228c9999 xx r poo 0 0eng d
022 |a 2330-6408 
040 |a BD-DhAAL  |c BD-DhAAL 
245 0 0 |h [electronic resource]  |a Proceedings of the Association of Official Seed Analysts of North America 
260 |b Association of Official Seed Analysts 
300 |a 1 online resource 
362 0 |a Vol. 11 
500 |a <strong>Off-Campus Access:</strong> Athens ID and Password Required 
500 |a <strong>On-Campus Access:</strong> No User ID or Password Required 
506 |a Electronic access restricted to authorized BRAC University faculty, staff and students 
538 |a Mode of access: Internet 
650 4 |a Agriculture ; Botany & Plant Sciences ; Science & Mathematics 
856 4 0 |z Full text available on JSTOR[1919-01-01 - 1940-01-01]  |u https://www.jstor.org/journal/prasofseannoam 
856 4 0 |z Off-campus access  |u https://go.openathens.net/redirector/bracu.ac.bd?url=https%3A%2F%2Fwww.jstor.org%2Fjournal%2Fprasofseannoam